[Event "Schwarzacher Open A"]
[Site "Schwarzach"]
[Date "1999.08.28"]
[Round "8.14"]
[White "Donegani, Peter"]
[Black "Doric, Nenad"]
[Result "1/2-1/2"]
[WhiteElo "2119"]
[BlackElo "2265"]
[PlyCount "112"]
[EventDate "1999.08.??"]

1. e4 g6 2. d4 Bg7 3. Nc3 d5 4. exd5 Nf6 5. Bb5+ Nbd7 6. Nf3 O-O 7. O-O Nb6 8.
Be2 Nbxd5 9. Nxd5 Qxd5 10. c4 Qd6 11. h3 b6 12. Be3 Bb7 13. Qb3 e6 14. Rfd1
Rfd8 15. a4 a5 16. Rac1 Ne4 17. c5 Qe7 18. cxb6 Bd5 19. Bc4 Bxc4 20. Rxc4 cxb6
21. Rdc1 Rd7 22. Rc6 Nd6 23. Rxb6 Nf5 24. Rb8+ Rd8 25. Rxa8 Rxa8 26. Qb6 Qd7
27. b3 Qd5 28. Qc6 Qxc6 29. Rxc6 Rb8 30. Rc3 Bf8 31. Bf4 Rd8 32. Bc7 Rd5 33.
Bb6 Bb4 34. Rc8+ Kg7 35. Rd8 Kf6 36. Kf1 Bc3 37. Rxd5 exd5 38. Ke2 h6 39. g4
Nd6 40. Ne5 h5 41. Nc6 Nb7 42. f3 hxg4 43. hxg4 Ke6 44. Nd8+ Nxd8 45. Bxd8 Kd7
46. Kd3 Bb4 47. Bg5 Bd6 48. Bd2 Bc7 49. b4 {#} 49... axb4 50. Bxb4 Kc6 51. Kc3
Bd8 52. Kd3 Bc7 53. Ke3 Bb8 54. Bf8 Kb6 55. Bb4 Kc6 56. Be7 Bc7 1/2-1/2

[Event "Schwarzacher Open A"]
[Site "Schwarzach"]
[Date "1999.08.28"]
[Round "8.15"]
[White "Ljubic, Juro"]
[Black "Djurkovic, Maks"]
[Result "1-0"]
[WhiteElo "2265"]
[BlackElo "2147"]
[PlyCount "67"]
[EventDate "1999.08.??"]

1. e4 d5 2. exd5 Qxd5 3. Nc3 Qa5 4. d4 Nf6 5. Be2 Nc6 6. Be3 Ne4 7. d5 Nb4 8.
Nxe4 Nxc2+ 9. Kf1 Nxa1 10. Nc3 a6 11. Qxa1 e6 12. Qd1 Be7 13. Bc4 exd5 14. Qxd5
Qxd5 15. Nxd5 Bd6 16. Nf3 b5 17. Bb3 Bb7 18. Ke2 c5 19. Rd1 Rd8 20. Bg5 {#}
20... f6 21. Nxf6+ gxf6 22. Bxf6 Bxf3+ 23. gxf3 Kd7 24. Be5 Ke7 25. Rxd6 Rxd6
26. Bxh8 c4 27. Bc2 Rd5 28. Bc3 Rh5 29. f4 Rxh2 30. f5 Rh4 31. Ke3 h5 32. Be4
Rg4 33. f6+ Kf8 34. Bd5 1-0

[Event "Schwarzacher Open A"]
[Site "Schwarzach"]
[Date "1999.08.28"]
[Round "8.16"]
[White "Hicker, Harald"]
[Black "Kranz, Armin"]
[Result "0-1"]
[WhiteElo "2133"]
[BlackElo "2202"]
[PlyCount "53"]
[EventDate "1999.08.??"]

1. d4 Nf6 2. c4 e6 3. Nc3 Bb4 4. Qb3 c5 5. e3 Nc6 6. dxc5 Ne4 7. Nge2 Qf6 8. f3
Bxc3+ 9. bxc3 Nxc5 10. Qd1 O-O 11. Nd4 b6 12. Be2 Qh4+ 13. g3 Qh3 14. Bf1 Qh5
15. Be2 f5 16. O-O g5 17. Nxc6 dxc6 18. Ba3 f4 19. Bxc5 bxc5 20. Qd6 Rf6 21. g4
Qe8 22. Qe5 Qg6 23. Rad1 Rf8 {#} 24. Qxc5 Rb8 25. Qxa7 Rb2 26. Bd3 Qh6 27. exf4
0-1

[Event "Schwarzacher Open A"]
[Site "Schwarzach"]
[Date "1999.08.28"]
[Round "8.17"]
[White "Sebenik, Matej"]
[Black "Wieser, Rupert"]
[Result "1-0"]
[WhiteElo "2194"]
[BlackElo "2124"]
[PlyCount "103"]
[EventDate "1999.08.??"]

1. d4 Nc6 2. Nf3 d5 3. c4 e5 4. dxe5 Bb4+ 5. Bd2 dxc4 6. e3 Be6 7. Qa4 Qe7 8.
Nd4 Bd7 9. Nb5 Bxd2+ 10. Nxd2 Nxe5 11. Nxc4 Bc6 12. Qa5 Nxc4 13. Bxc4 Bxb5 14.
Qxb5+ c6 15. Qb3 Nf6 16. Rd1 O-O 17. O-O Rad8 18. a4 b6 19. f3 Nd5 20. Bxd5
cxd5 21. Rd4 Rfe8 22. Kf2 Qc5 23. Rfd1 h6 {#} 24. Qb5 Rc8 25. Qxc5 Rxc5 26.
Rxd5 Rc2+ 27. R1d2 Rec8 28. Ke2 Rxd2+ 29. Kxd2 Rc7 30. Rd8+ Kh7 31. g4 Kg6 32.
h4 Re7 33. Kd3 Kh7 34. f4 g6 35. Rd5 Kg7 36. e4 Rc7 37. e5 Kh7 38. f5 gxf5 39.
gxf5 h5 40. e6 fxe6 41. fxe6 Kg6 42. Rd7 Rc1 43. Rxa7 Rh1 44. Rb7 Rxh4 45. b3
Kf6 46. Rxb6 Rh1 47. Kc4 h4 48. Rb7 Kxe6 49. Kb5 h3 50. Rh7 h2 51. b4 Kd6 52.
a5 1-0

[Event "Schwarzacher Open A"]
[Site "Schwarzach"]
[Date "1999.08.28"]
[Round "8.20"]
[White "Hoellrigl, Wilfried"]
[Black "Fruehauf, Norbert"]
[Result "0-1"]
[WhiteElo "2225"]
[BlackElo "2140"]
[PlyCount "82"]
[EventDate "1999.08.??"]

1. e4 e5 2. Nf3 Nc6 3. Bb5 a6 4. Bxc6 dxc6 5. O-O f6 6. d4 exd4 7. Nxd4 c5 8.
Nb3 Qxd1 9. Rxd1 Bg4 10. f3 Be6 11. Be3 b6 12. a4 Ne7 13. Nc3 Nc6 14. Nd5 Bd6
15. h3 O-O-O 16. Kf2 f5 17. c3 fxe4 18. fxe4 Rhf8+ 19. Kg1 Bg3 20. a5 c4 21.
Nd4 Nxd4 22. Bxd4 Bxd5 23. exd5 b5 24. Bxg7 Rf5 25. Bh6 Rfxd5 26. Rxd5 Rxd5 27.
Rb1 Re5 28. Kf1 Re6 29. Bg7 c5 30. Rd1 Kc7 31. Kg1 Kc6 32. Bf8 {#} 32... Re2
33. Rb1 h5 34. Bh6 b4 35. Bg7 Kb5 36. Bf8 h4 37. Kh1 Re8 38. Rf1 Re2 39. Rb1
Rf2 40. Be7 Rd2 41. Bg5 Rd5 0-1

[Event "Schwarzacher Open A"]
[Site "Schwarzach"]
[Date "1999.08.29"]
[Round "9.1"]
[White "Shchekachev, Andrei"]
[Black "Jurkovic, Hrvoje"]
[Result "1-0"]
[WhiteElo "2505"]
[BlackElo "2370"]
[PlyCount "109"]
[EventDate "1999.08.??"]

1. Nf3 Nf6 2. c4 d6 3. d4 Nbd7 4. Nc3 e5 5. e4 c6 6. g3 Qa5 7. Qe2 Qb6 8. d5
Nc5 9. Bg2 cxd5 10. cxd5 Bd7 11. O-O Qa6 12. Qxa6 bxa6 13. Ne1 Rb8 14. Rb1 Be7
15. Be3 O-O 16. f3 Rfc8 17. Rf2 Bd8 18. Rc2 Bb6 19. Bf2 Na4 20. Nxa4 Rxc2 21.
Nxc2 Bxf2+ 22. Kxf2 Bxa4 23. Ne3 Kf8 24. b3 Bd7 25. Bf1 Bb5 26. Rc1 Ne8 27. Rc3
Bxf1 28. Kxf1 Ke7 29. Rc6 Rb6 30. Rc8 Kd7 31. Ra8 Rb7 32. Nc4 Rc7 33. Ke2 g6
34. g4 f5 35. g5 fxe4 36. fxe4 Ke7 37. Kd2 Kf7 38. h4 Rd7 39. a4 Kf8 40. Rc8
Kf7 41. Rc6 Ke7 42. Rxa6 Kd8 43. Na5 Kc8 44. Rc6+ Kb8 45. Nc4 Kb7 46. b4 Kb8
47. Ke3 Kb7 48. b5 Kb8 49. a5 Kb7 50. a6+ Kb8 51. b6 axb6 52. Nxb6 Rd8 {#} 53.
Nc8 Ka8 54. a7 Ng7 55. Rc7 1-0

[Event "Schwarzacher Open A"]
[Site "Schwarzach"]
[Date "1999.08.29"]
[Round "9.2"]
[White "Balinov, Ilia"]
[Black "Klovans, Janis"]
[Result "1/2-1/2"]
[WhiteElo "2460"]
[BlackElo "2465"]
[PlyCount "28"]
[EventDate "1999.08.??"]

1. e4 e5 2. Nf3 Nc6 3. d4 exd4 4. Nxd4 Bc5 5. Be3 Qf6 6. c3 Nge7 7. Bc4 Ne5 8.
Be2 d5 9. O-O O-O 10. Nd2 Bb6 11. Kh1 dxe4 12. Nxe4 Qg6 13. Ng5 Nd5 14. Bc1 Qd6
1/2-1/2

[Event "Schwarzacher Open A"]
[Site "Schwarzach"]
[Date "1999.08.29"]
[Round "9.3"]
[White "Tratar, Marko"]
[Black "Burmakin, Vladimir"]
[Result "1/2-1/2"]
[WhiteElo "2442"]
[BlackElo "2579"]
[PlyCount "93"]
[EventDate "1999.08.??"]

1. Nf3 d5 2. g3 Nf6 3. Bg2 c6 4. O-O Bg4 5. d3 Nbd7 6. Nbd2 e5 7. e4 dxe4 8.
dxe4 Qc7 9. h3 Bh5 10. Qe1 Bc5 11. Nc4 Bxf3 12. Bxf3 O-O 13. b4 Be7 14. Bd2
Rfd8 15. Qe2 Nb6 16. Bc3 Nxc4 17. Qxc4 b5 18. Qe2 a5 19. bxa5 b4 20. Bb2 Rxa5
21. c3 c5 22. Qc4 Qb7 23. a4 Rd2 24. cxb4 cxb4 25. Rab1 Qd7 26. Rfd1 Bc5 27.
Rxd2 Qxd2 28. Qe2 Qxe2 29. Bxe2 Nxe4 30. Bb5 f6 31. Kg2 Nd6 32. Bc6 Kf8 33. Rc1
Ke7 34. Bf3 Nc8 35. Bd1 Nb6 36. f4 exf4 37. gxf4 Nd5 38. Kf3 Be3 39. Rc4 Bd2
40. Bb3 Bc3 41. Bxc3 bxc3 42. Rc6 Kd7 43. Bxd5 Rxd5 44. Rxc3 Ra5 45. Ra3 Ke6
46. Ke4 g5 47. fxg5 1/2-1/2

[Event "Schwarzacher Open A"]
[Site "Schwarzach"]
[Date "1999.08.29"]
[Round "9.4"]
[White "Zoler, Dan"]
[Black "Vigh, Bela"]
[Result "1/2-1/2"]
[WhiteElo "2529"]
[BlackElo "2380"]
[PlyCount "114"]
[EventDate "1999.08.??"]

1. d4 Nf6 2. c4 g6 3. g3 Bg7 4. Bg2 O-O 5. Nc3 d6 6. Nf3 Nc6 7. O-O a6 8. h3
Rb8 9. e4 b5 10. cxb5 axb5 11. a3 b4 12. axb4 Nxb4 13. Re1 Nd7 14. Bg5 h6 15.
Be3 Kh7 16. Qd2 c5 17. Ne2 cxd4 18. Bxd4 Bxd4 19. Nexd4 Nc5 20. Ra3 Qb6 21. e5
Ba6 22. exd6 Qxd6 23. Qe3 Nd5 24. Qe5 Rxb2 25. Ne6 fxe6 26. Qxb2 Nd3 27. Rxd3
Bxd3 28. Ne5 Rb8 29. Qd2 Qb4 30. Qxb4 Nxb4 31. Nxd3 Nxd3 32. Rxe6 Rb1+ 33. Kh2
Nxf2 34. Rxe7+ Kh8 35. Re2 Nd1 36. Re6 Rb2 37. Kg1 Kg7 38. Be4 Re2 39. Kf1 Nc3
40. Rxg6+ Kf7 41. Bf5 Re5 42. g4 h5 43. Ra6 hxg4 44. hxg4 Nd5 45. Kf2 Rxf5+ 46.
gxf5 Ne7 47. Kf3 Nxf5 48. Ke4 Ne7 49. Rd6 Nc8 50. Ra6 Ne7 51. Ke5 Ng6+ 52. Kf5
Ne7+ 53. Kg5 Nd5 54. Rc6 Ne7 55. Rd6 Nc8 56. Ra6 Ne7 57. Rh6 Nd5 1/2-1/2

[Event "Schwarzacher Open A"]
[Site "Schwarzach"]
[Date "1999.08.29"]
[Round "9.5"]
[White "Bagaturov, Giorgi"]
[Black "Brumen, Dinko"]
[Result "0-1"]
[WhiteElo "2532"]
[BlackElo "2360"]
[PlyCount "184"]
[EventDate "1999.08.??"]

1. d4 Nf6 2. c4 e6 3. Nf3 b6 4. a3 Bb7 5. Nc3 d5 6. cxd5 Nxd5 7. Qc2 Nd7 8. e4
Nxc3 9. bxc3 Be7 10. Bd3 O-O 11. O-O c5 12. Bf4 Rc8 13. Qe2 cxd4 14. cxd4 Rc3
15. Rfc1 Rxc1+ 16. Bxc1 Qa8 17. Bb2 Nf6 18. Re1 Re8 19. Ne5 Rd8 20. h3 b5 21.
d5 exd5 22. exd5 Bxd5 23. Ng4 Be6 24. Nxf6+ Bxf6 25. Bxf6 gxf6 26. Be4 Qb8 27.
Qh5 Qf4 28. Qxh7+ Kf8 29. Qh8+ Ke7 30. Qh5 Qe5 31. Qe2 f5 32. Bd3 Qxe2 33. Bxe2
a6 34. a4 bxa4 35. Bxa6 Rd4 36. Ra1 Kd6 37. Bb5 Bb3 38. Kh2 Kc5 39. Be8 Kb4 {#}
40. Bxa4 Bxa4 41. Rc1 Bb3 42. Rc7 Bc4 43. Re7 Kc3 44. Re5 Be6 45. Kg3 f4+ 46.
Kh2 Kd3 47. f3 Rd5 48. Re4 Rf5 49. Kg1 Bd5 50. Re1 Kd4 51. Rd1+ Ke5 52. Kf2 Kf6
53. Rd4 Ke5 54. Rd1 Rf6 55. Re1+ Kf5 56. Rd1 Bc4 57. Rd4 Rc6 58. Kg1 Be6 59.
Ra4 Bd5 60. Rd4 Ke5 61. Rd2 Rc3 62. Rd1 Bc4 63. Re1+ Re3 64. Rd1 Bd3 65. Ra1
Kd4 66. Ra7 Re1+ 67. Kh2 Bc4 68. Rc7 Bd5 69. Rd7 Re5 70. Ra7 Re2 71. Rd7 Rd2
72. Kg1 Ke3 73. Re7+ Be6 74. Rb7 Rd1+ 75. Kh2 Bd5 76. Rb4 Rd4 77. Rb1 Rd2 78.
Kg1 Ba2 79. Rb4 Rd1+ 80. Kh2 Rd4 81. Rb2 Bc4 82. Kg1 Bd3 83. Rb7 Bc4 84. Rb2
Rd7 85. Rb4 Rc7 86. Rb2 Bd3 87. Rb4 Rc4 88. Rb3 Rc1+ 89. Kh2 f5 90. Rb2 Rc2 91.
Rb3 Rd2 92. Rb4 Bf1 0-1

[Event "Schwarzacher Open A"]
[Site "Schwarzach"]
[Date "1999.08.29"]
[Round "9.6"]
[White "Meijers, Viesturs"]
[Black "Ter-Minasjan, Dmitry"]
[Result "1-0"]
[WhiteElo "2472"]
[BlackElo "2292"]
[PlyCount "74"]
[EventDate "1999.08.??"]

1. e4 c6 2. d4 d5 3. exd5 cxd5 4. c4 Nf6 5. Nc3 e6 6. Nf3 Bb4 7. Bd3 dxc4 8.
Bxc4 O-O 9. O-O b6 10. Qd3 Bb7 11. Rd1 Nbd7 12. Bg5 Be7 13. a3 Re8 14. Rac1 a6
15. Ba2 Rc8 16. h3 b5 17. b4 Nb6 18. Ne5 Nbd5 19. Nxd5 Nxd5 20. Bb1 g6 21. Bxe7
Rxe7 22. Qd2 Rec7 23. Rc5 Qd6 24. Ng4 Nf4 25. Be4 Rd8 26. Bxb7 Rxb7 27. Qe3 Nd5
28. Qh6 Qe7 29. Rdc1 Nf6 30. Ne5 Nd7 31. Nc6 Qf8 32. Qh4 Re8 33. R5c3 Nb6 34.
Ne5 Qe7 35. Qg3 Qd6 36. Qh4 Qe7 37. Qh6 Qd6 1-0

[Event "Schwarzacher Open A"]
[Site "Schwarzach"]
[Date "1999.08.29"]
[Round "9.7"]
[White "Renner, Christoph"]
[Black "Hanko, Pavol"]
[Result "1-0"]
[WhiteElo "2448"]
[BlackElo "2266"]
[PlyCount "81"]
[EventDate "1999.08.??"]

1. e4 c5 2. d3 Nc6 3. g3 g6 4. Bg2 Bg7 5. f4 d6 6. Nf3 e6 7. O-O Nge7 8. c3 O-O
9. Be3 Rb8 10. d4 cxd4 11. cxd4 Qb6 12. Qd2 d5 13. e5 Qb4 14. Nc3 Bd7 15. a3
Qb3 16. Qd3 Rfc8 17. Rab1 Na5 18. Nd2 Qb6 19. g4 a6 20. Rf2 Bb5 21. Qc2 Nec6
22. Nf3 Nc4 23. Qc1 N6a5 24. f5 Nb3 25. Qe1 Rc7 26. Bf1 Nxe3 27. Qxe3 Bxf1 28.
Rbxf1 Rc4 29. Kh1 Rbc8 30. h4 Bf8 31. Ne2 Rc2 32. fxg6 fxg6 33. h5 Bg7 34. hxg6
hxg6 35. Qd3 Nc1 {#} 36. Qxg6 Nxe2 37. Ng5 Ng3+ 38. Kg2 Nf5 39. Qf7+ Kh8 40.
Rh1+ Nh6 41. Rxh6+ 1-0

[Event "Schwarzacher Open A"]
[Site "Schwarzach"]
[Date "1999.08.29"]
[Round "9.8"]
[White "Soln, Primoz"]
[Black "Ljubic, Juro"]
[Result "1-0"]
[WhiteElo "2411"]
[BlackElo "2265"]
[PlyCount "52"]
[EventDate "1999.08.??"]

1. d4 Nf6 2. c4 c5 3. d5 b5 4. cxb5 a6 5. b6 d6 6. Nc3 Qxb6 7. Nf3 g6 8. Nd2 e5
9. dxe6 Bxe6 10. e4 Qc6 11. Bc4 Nbd7 12. O-O Rb8 13. f4 Be7 14. Qe2 Bxc4 15.
Nxc4 O-O 16. b3 Rfe8 17. Bb2 Bf8 18. Rae1 Bg7 19. e5 dxe5 20. fxe5 Re7 21. Qd1
Ne8 22. Nd5 Re6 23. Qf3 Kh8 {#} 24. Qxf7 Qxd5 25. Rd1 Qc6 26. Rxd7 Rc8 1-0

[Event "Schwarzacher Open A"]
[Site "Schwarzach"]
[Date "1999.08.29"]
[Round "9.9"]
[White "Piven, Igor"]
[Black "Sebenik, Matej"]
[Result "1/2-1/2"]
[WhiteElo "2392"]
[BlackElo "2194"]
[PlyCount "76"]
[EventDate "1999.08.??"]

1. c4 Nf6 2. Nc3 g6 3. Nf3 Bg7 4. d4 O-O 5. Bf4 d6 6. e3 c6 7. h3 a6 8. a4 a5
9. Be2 Na6 10. O-O h6 11. Qb3 g5 12. Bh2 Bf5 13. Rfd1 Nb4 14. Rac1 Qc8 15. Bf1
Bg6 16. Ne1 Nd7 17. Nd3 Nxd3 18. Bxd3 Bxd3 19. Rxd3 f5 20. Qd1 Qe8 21. Qe2 Qf7
22. Rd2 e5 23. Rcd1 exd4 24. exd4 Rae8 25. Qd3 f4 26. Re2 Rxe2 27. Nxe2 Re8 28.
Kf1 Nf6 29. Bg1 d5 30. b3 Ne4 31. Rc1 Qf5 32. Rd1 Nd6 33. c5 Qxd3 34. Rxd3 Nf5
35. g4 Nh4 36. f3 Bf6 37. Bf2 Ng6 38. Be1 Bd8 1/2-1/2

[Event "Schwarzacher Open A"]
[Site "Schwarzach"]
[Date "1999.08.29"]
[Round "9.10"]
[White "Dittmar, Peter"]
[Black "Staller, Peter"]
[Result "1/2-1/2"]
[WhiteElo "2363"]
[BlackElo "2310"]
[PlyCount "48"]
[EventDate "1999.08.??"]

1. d4 Nf6 2. Bg5 Ne4 3. h4 c5 4. dxc5 Na6 5. Nf3 Naxc5 6. Qd4 f5 7. Nbd2 d6 8.
Nxe4 Nxe4 9. Nd2 Nxg5 10. hxg5 e5 11. Qd5 Qxg5 12. e4 g6 13. Bb5+ Kd8 14. Nc4
Qe7 15. O-O-O Kc7 16. Qd2 Be6 17. Qa5+ Kb8 18. Nxd6 Qc7 19. Qxc7+ Kxc7 20. Rh3
fxe4 21. Rc3+ Kb6 22. Bc4 Rd8 23. Bxe6 Rxd6 24. Rxd6+ Bxd6 1/2-1/2

[Event "Schwarzacher Open A"]
[Site "Schwarzach"]
[Date "1999.08.29"]
[Round "9.11"]
[White "Kranz, Armin"]
[Black "Gorbatow, Alexej"]
[Result "0-1"]
[WhiteElo "2202"]
[BlackElo "2353"]
[PlyCount "72"]
[EventDate "1999.08.??"]

1. d4 Nf6 2. Nf3 c5 3. d5 d6 4. c4 e5 5. Nc3 Be7 6. e4 O-O 7. Bd3 Nbd7 8. O-O
Ne8 9. Qe2 g6 10. Bh6 Ng7 11. Qd2 Nf6 12. h3 Kh8 13. a3 Ng8 14. Be3 f5 15. Qc2
b6 16. b4 f4 17. Bd2 h5 18. bxc5 bxc5 19. Be2 Nh6 20. Qd1 Bd7 21. a4 g5 22. Nh2
Qe8 23. Rb1 a6 24. Rb6 Ra7 25. a5 Rg8 26. Kh1 Qg6 27. Qb3 g4 28. hxg4 Nxg4 29.
Rb8 Bd8 30. Rb7 Rxb7 31. Qxb7 Nxh2 32. Kxh2 Ne6 33. Rg1 Nf8 34. Qxa6 Qg5 35. g3
fxg3+ 36. Rxg3 Qxd2 0-1

[Event "Schwarzacher Open A"]
[Site "Schwarzach"]
[Date "1999.08.29"]
[Round "9.12"]
[White "Rolletschek, Heinrich"]
[Black "Wolter, Michael"]
[Result "1-0"]
[WhiteElo "2291"]
[BlackElo "2212"]
[PlyCount "87"]
[EventDate "1999.08.??"]

1. e4 e6 2. d3 d5 3. Nd2 Nf6 4. Ngf3 dxe4 5. dxe4 Bc5 6. Bc4 Nc6 7. O-O e5 8.
c3 a5 9. Qe2 O-O 10. Rd1 Qe7 11. Nf1 Ng4 12. Bg5 Bxf2+ 13. Qxf2 Nxf2 14. Bxe7
Nxd1 15. Bxf8 Nxb2 16. Bb5 Na7 17. Ba3 Nxb5 18. Bxb2 f6 19. c4 Nd6 20. N3d2 Be6
21. Rc1 Rd8 22. Kf2 Nc8 23. Ke3 Nb6 24. h3 Na4 25. Ba3 Rd4 26. Ke2 g6 27. Ne3
Kf7 28. Nd1 f5 29. Nb2 Nb6 30. Bc5 Rd8 31. Bxb6 cxb6 32. Na4 fxe4 33. Nxe4 Bf5
34. Nxb6 Rd4 35. Nf2 Ke7 36. Rd1 Kd6 37. Rxd4+ exd4 38. Nd3 Be6 39. Nf4 Bf7 40.
Kd3 Kc5 41. Nd7+ Kd6 42. Nf6 Ke5 43. N4d5 g5 44. Ng4+ 1-0

[Event "Schwarzacher Open A"]
[Site "Schwarzach"]
[Date "1999.08.29"]
[Round "9.13"]
[White "Hardicsay, Peter"]
[Black "Callier, Christophe"]
[Result "1-0"]
[WhiteElo "2304"]
[BlackElo "2167"]
[PlyCount "52"]
[EventDate "1999.08.??"]

1. c4 Nf6 2. Nc3 g6 3. e4 d6 4. d4 Bg7 5. f3 O-O 6. Be3 e5 7. Nge2 Nc6 8. d5
Ne7 9. g4 c6 10. Qd2 cxd5 11. cxd5 Bd7 12. Ng3 Qa5 13. Bd3 Rac8 14. O-O a6 15.
Rfc1 Ne8 16. Kh1 Kh8 17. a3 Qd8 18. Rg1 f5 19. gxf5 gxf5 20. Bg5 f4 21. Nh5 Nf6
22. Bxf6 Bxf6 23. Qf2 Ng6 24. Rac1 Be8 25. Bf1 Bd7 26. Qa7 Rb8 {
Mitschrift nicht weiter lesbar!} 1-0

[Event "Schwarzacher Open A"]
[Site "Schwarzach"]
[Date "1999.08.29"]
[Round "9.14"]
[White "Doric, Nenad"]
[Black "Fruehauf, Norbert"]
[Result "1-0"]
[WhiteElo "2265"]
[BlackElo "2140"]
[PlyCount "53"]
[EventDate "1999.08.??"]

1. e4 e5 2. Nf3 Nc6 3. Nc3 Nf6 4. Bb5 Bb4 5. O-O O-O 6. d3 d6 7. Bg5 Bxc3 8.
bxc3 Bd7 9. Rb1 h6 10. Bh4 a6 11. Ba4 b5 12. Bb3 Na5 13. Re1 Nxb3 14. axb3 Bg4
15. h3 Bxf3 16. Qxf3 c5 17. d4 Qe7 18. Qf5 Rfe8 19. f4 Qe6 20. fxe5 dxe5 21.
Qxe6 Rxe6 22. Bxf6 Rxf6 23. dxc5 Rf4 24. Rbd1 a5 25. c6 Kf8 26. c7 Ke8 27. Rd5
1-0

[Event "Schwarzacher Open A"]
[Site "Schwarzach"]
[Date "1999.08.29"]
[Round "9.15"]
[White "Jocys, Dalius"]
[Black "Donegani, Peter"]
[Result "1-0"]
[WhiteElo "2217"]
[BlackElo "2119"]
[PlyCount "53"]
[EventDate "1999.08.??"]

1. d4 Nf6 2. c4 g6 3. Nc3 d5 4. e3 Bg7 5. Nf3 O-O 6. b4 b6 7. Qb3 c5 8. bxc5
bxc5 9. cxd5 Na6 10. Be2 Rb8 11. Qa4 Nb4 12. O-O Nfxd5 13. Nxd5 Qxd5 14. Qxa7
Bf5 15. Bd2 Ra8 16. Qxe7 Nc2 17. Rac1 Rfe8 18. Qxc5 Qxc5 19. dxc5 Rxa2 20. Bc4
Rb2 21. Ba5 Rc8 22. Bb6 Be4 23. Bxf7+ Kf8 24. Be6 Ra8 25. Rfd1 Ke8 26. Nd2 Bc6
27. Nc4 1-0

[Event "Schwarzacher Open A"]
[Site "Schwarzach"]
[Date "1999.08.29"]
[Round "9.16"]
[White "Burger, Andreas"]
[Black "Bachofner, Andreas"]
[Result "1/2-1/2"]
[WhiteElo "2090"]
[BlackElo "2183"]
[PlyCount "110"]
[EventDate "1999.08.??"]

1. e4 e6 2. d4 d5 3. e5 c5 4. c3 Nc6 5. Nf3 Bd7 6. Be3 Qc7 7. a3 c4 8. Nfd2 b5
9. Be2 a5 10. O-O f5 11. Re1 g6 12. Nf3 Be7 13. Bg5 h6 14. Bxe7 Ngxe7 15. Nbd2
g5 16. Nf1 Ng6 17. Ng3 g4 18. Nd2 h5 19. Nxh5 Rxh5 20. Bxg4 Rh6 21. Bh5 O-O-O
22. Bxg6 Rxg6 23. f4 Rdg8 24. g3 a4 25. Nf3 Qd8 26. Kf2 Be8 27. Rh1 Rg4 28. Qd2
Bh5 29. Rag1 R4g7 30. Nh4 Rh8 31. Ng2 Bg4 32. h4 Bh5 33. Ne1 Rhg8 34. Qe3 Ne7
35. Nf3 Bxf3 36. Qxf3 Rg4 37. Rg2 Rh8 38. Rh3 Ng8 39. Qd1 Nh6 40. Qe2 Rhg8 41.
Qf3 Qe8 42. Qe2 Qg6 43. Qf3 Qh5 44. Rh1 Kc7 45. Rh3 Kb6 46. Rh1 Nf7 47. Rh3 Nh8
48. Rh1 Ng6 49. Rhh2 Kc6 50. Ke3 Kd7 51. Qf2 Ke7 52. Qf3 Kf7 53. Qf2 Kg7 54.
Qf3 Kh6 55. Qf2 Kg7 1/2-1/2

[Event "Schwarzacher Open A"]
[Site "Schwarzach"]
[Date "1999.08.29"]
[Round "9.17"]
[White "Bopp, Thomas"]
[Black "Schmidlechner, Alexander"]
[Result "1/2-1/2"]
[WhiteElo "2008"]
[BlackElo "2196"]
[PlyCount "90"]
[EventDate "1999.08.??"]

1. d4 d5 2. c4 c6 3. Nc3 dxc4 4. e4 b5 5. a4 b4 6. Na2 Nf6 7. f3 e6 8. Bxc4 Ba6
9. Qc2 c5 10. Ne2 Qc8 11. Bf4 Nbd7 12. Rc1 Be7 13. a5 O-O 14. O-O Qb7 15. Qb3
Rac8 16. Rfd1 Rfe8 17. Be3 Bxc4 18. Rxc4 cxd4 19. Rxc8 Rxc8 20. Nxd4 Ne5 {#}
21. Nxe6 Qa6 22. Nf4 Qxa5 23. Nd5 Nxd5 24. Rxd5 Qc7 25. Nxb4 Nc4 26. Bf2 Rb8
27. Na6 Rxb3 28. Nxc7 Rxb2 29. Bxa7 h6 30. Rd7 Bf6 31. Nd5 Be5 32. f4 Bf6 33.
Nxf6+ gxf6 34. Bd4 Re2 35. Bxf6 Re1+ 36. Kf2 Rxe4 37. g3 Re6 38. Bd4 Nd6 39.
Kf3 Nf5 40. Rd8+ Kh7 41. Rh8+ Kg6 42. Rg8+ Kh7 43. Rd8 h5 44. Be5 f6 45. Bd4
Kg6 1/2-1/2

[Event "Schwarzacher Open A"]
[Site "Schwarzach"]
[Date "1999.08.29"]
[Round "9.18"]
[White "Sandner, Gunter"]
[Black "Hicker, Harald"]
[Result "1-0"]
[WhiteElo "2374"]
[BlackElo "2133"]
[PlyCount "105"]
[EventDate "1999.08.??"]

1. d4 d5 2. c4 c6 3. Nf3 Bf5 4. g3 e6 5. Nbd2 h6 6. Bg2 Nf6 7. O-O Nbd7 8. b3
Be7 9. Bb2 Ne4 10. Ne1 Nxd2 11. Qxd2 O-O 12. Nd3 Rc8 13. Rac1 b6 14. e3 dxc4
15. bxc4 Bxd3 16. Qxd3 c5 17. Rfd1 cxd4 18. exd4 Qc7 19. h4 Rfd8 20. Qe3 Bf6
21. f4 Nb8 22. Ba3 Be7 23. Bxe7 Qxe7 24. Re1 Qd6 25. d5 exd5 26. cxd5 Rxc1 27.
Rxc1 Qd7 28. Qa3 a5 29. Re1 Na6 30. Re7 Qc8 31. d6 Qc5+ 32. Qxc5 Nxc5 33. Bd5
Rxd6 34. Re8+ Kh7 35. Bxf7 g6 36. Re7 Kg7 37. Bc4+ Kf8 38. Rf7+ Ke8 39. Rh7 h5
40. f5 gxf5 41. Rxh5 Rf6 42. Kg2 Kf8 43. Kf3 Kg7 44. Kf4 Ne4 45. Bd3 Nc3 46.
Bxf5 Nxa2 {#} 47. Rh7+ Kg8 48. Ra7 Nc3 49. g4 a4 50. g5 Rf8 51. Ke5 b5 52. Be6+
Kh8 53. g6 1-0

[Event "Schwarzacher Open A"]
[Site "Schwarzach"]
[Date "1999.08.29"]
[Round "9.19"]
[White "Niedermayr, Horst"]
[Black "Hahn, Guenter"]
[Result "1-0"]
[WhiteElo "2235"]
[BlackElo "2049"]
[PlyCount "39"]
[EventDate "1999.08.??"]

1. e4 d5 2. exd5 Nf6 3. Nf3 Nxd5 4. d4 g6 5. c4 Nf6 6. Nc3 Bg7 7. h3 c6 8. Be3
Bf5 9. Be2 Nbd7 10. g4 Be6 11. d5 cxd5 12. cxd5 Bxd5 13. Nxd5 Qa5+ 14. Nc3 Ne4
15. O-O Nxc3 16. bxc3 Bxc3 17. Rb1 b6 18. Bb5 Rd8 19. Qd3 a6 20. Bc6 1-0

[Event "Schwarzacher Open A"]
[Site "Schwarzach"]
[Date "1999.08.29"]
[Round "9.20"]
[White "Fellhauer, Clemens"]
[Black "Herndl, Gerald"]
[Result "0-1"]
[WhiteElo "2185"]
[BlackElo "2095"]
[PlyCount "80"]
[EventDate "1999.08.??"]

1. c4 e5 2. Nc3 Nf6 3. g3 Bc5 4. Bg2 Nc6 5. a3 d6 6. b4 Bb6 7. e3 Be6 8. d3 Qd7
9. Nd5 Nd8 10. Nxb6 axb6 11. Bb2 Nc6 12. Ne2 Bh3 13. O-O h5 14. f3 Rh6 15. Bxh3
Qxh3 16. Rf2 O-O-O 17. e4 Rdh8 18. Qf1 Qe6 19. Kh1 g5 20. Rc1 g4 21. f4 h4 22.
f5 Qe8 23. Rg2 Qg8 24. Rc2 hxg3 25. Nxg3 Rh3 26. Kg1 Qh7 27. b5 Nd4 28. Bxd4
exd4 29. Qf4 Qh4 30. Rce2 Nd7 31. f6 Ne5 32. Nf5 Qxf6 33. Rxg4 Nxg4 34. Qxg4
Kb8 35. Rd2 Qe5 36. Ng3 R8h4 37. Qf5 Qg7 38. Rf2 {#} 38... Rxh2 39. Rxh2 Qxg3+
40. Rg2 Qe1+ 0-1